| 000 | 01189nam a2200313 i 4500 | ||
|---|---|---|---|
| 001 | 185232 | ||
| 003 | SpMaBN | ||
| 005 | 20250805005729.0 | ||
| 008 | 160421s2009 sp |||| | spa d | ||
| 020 | _a978-84-95576-99-6 | ||
| 080 | _a821.134.2-23"19" | ||
| 100 | 0 |
_aFernán Gómez, Fernando, _d1921-2007 _949315 |
|
| 245 | 1 | 4 |
_aLas bicicletas son para el verano / _cde Fernando Fernán Gómez. Dios está lejos / de Marcial Suárez. Querido amigo / de Joan Guasp ; edición de Pedro Ojeda Escudero. |
| 250 | _a1ª ed. | ||
| 260 |
_aMadrid : _bPublicaciones de la Asociación de Directores de Escena de España, _c2009. |
||
| 300 |
_a322 p. ; _c22 cm. |
||
| 490 | 1 |
_aPremios Lope de Vega ; _v16 |
|
| 586 | _aPremios "Lope de Vega" (1977-1979) | ||
| 700 | 1 |
_aSuárez, Marcial. _9108573 |
|
| 700 | 1 | 2 |
_aGuasp, Joan ( _d1943-) _9159411 |
| 700 | 1 | 2 |
_aOjeda Escudero, Pedro _9159412 |
| 710 | 2 |
_aAsociación de Directores de Escena. _9159413 |
|
| 740 | 0 | 2 | _aDios está lejos. |
| 740 | 0 | 2 | _aQuerido amigo. |
| 830 | 0 | 0 |
_aPremios Lope de Vega _v16 _9189480 |
| 852 |
_aES-MaACL _jA-13708 _9192252 _bR.150746 _cDEPO1 _dOlim: N-6708 |
||
| 942 | _2udc | ||
| 999 |
_c185232 _d185232 |
||